000 00628nam a2200265Ia 4500
005 20250425162128.0
008 250425s9999 xx 000 0 und d
020 _a970103631X
041 _aspa
043 _amx
082 _a614.793
100 _aBARQUIN CALDERON, MANUEL
245 0 _aDIRECCION DE HOSPITALES
250 _a7A ED.
260 _aMéxico
_bMC GRAW-HILL
_c2003
260 _aS.L.
300 _a911
650 _aDIRECCION
650 _aHOSPITALES
650 _aSALUD
650 _aSERVICIOS DE SALUD
710 _aMCGRAW-HILL INTERAMERICANA DE ESPAÑA S.A.
942 _c01
010 _a51667
999 _c222894
_d222894